01237nam a22003377a 45000010005000000030009000050050017000140070005000310080034000360200015000700400022000850820022001070920009001291000042001382450070001802500012002502600048002623000027003104900035003375040073003725040033004456000079004786500032005577000024005898300035006139420012006489450027006609520158006879560039008459990015008840074DO-SdBNP20180130114304.00074151102b 2000 sp ||00| 0 spa d a8420734152 aBPMSUbspacBPMSU a863.6 bP438 2000 a b 1 aPérez Galdós, Benito,d1843-1920.10aMarianela /cBenito Pérez Galdós ; ilustración Mario Lacoma a11a ed. aMadrid, España :bEdiciones Anaya,c2000. a207 p. :bil.,c21 cm.1 aTus libros ;aRománticosv23 aIncluye notas y referencias bibliográficas al pie de las páginas aBibliografías : p. 206-207 aPérez Galdós, Benito,d1843-1920. tMARIANELA xADAPTACIONES JUVENILES aNOVELA JUVENILE ESPAÑOLA 10aLacoma, Mario,eil. 0aTus libros ;pRománticosv23 2ddccBK aInventariado, 2018 /LP 00102ddc40708CJ-GaBPMETbBPMETd2015-11-02eFundación Educativa y Cultural (FUNDI)l0o863.6 P438 2000pBPMSU15110013r2015-11-02w2015-11-02yBK aVMATEO b10c20161121dBPMSUf0069 c8512d8512